LEADER 01214nam a2200289 a 4500 001 000000138037 003 CaOOAMICUS 005 20140408101956.0 008 140408m20009999it u000 u ita r 020 $a88-85876-46-3 040 $aPUL$bita 082 04$a274 245 00$aCristianità ed Europa :$bmiscellanea di studi in onore di Luigi Prosdocimi /$ca cura di Cesare Alzati. 260 $aRoma ;$aFreiburg ;$aWien :$bHerder,$c2000- 300 $a2 v. ;$c24 cm 500 $aInclude indice. 504 $aInclude referenze bibliografiche. 600 14$aProsdocimi, Luigi,$d1911-2008.$0(OLS)http://pul/subject/40440 700 1 $aAlzati, Cesare.$0(OLS)http://pul/name/26529 850 $aPUL 852 $aPUL$W1$xDP2 Religione 3$y114$m274 ALZCE 1.2$j159104$av. 2$qDDC 21$B158654$CPULBib$Z2$F158654 $H91208 $82 941 1 $a9 996 $6020$a88-85876-46-3$9(OLS)http://pul/number/155014 996 $6082$a274$9(OLS)http://pul/classification/1742 996 $6245$aCristianità ed Europa :$bmiscellanea di studi in onore di Luigi Prosdocimi$9(OLS)http://pul/title/174782 996 $6260$aRoma ;$aFreiburg ;$aWien :$bHerder$9(OLS)http://pul/publisher/50025 LEADER 01378nam a2200301 a 4500 001 000000163329 003 CaOOAMICUS 005 20171011101740.0 008 171011s1966 it m u000 u ita r 032 $aLibriCat 040 $aPUL$bita 100 1 $aManzelli, Dino M.,$cO.S.M.$0(OLS)http://pul/name/104911 245 13$aLa confessione dei peccati nella dottrina penitenziale del Concilio di Trento /$cDino M. Manzelli O.S.M. 260 $aBergamo :$b[s.n.],$c1966. 300 $a140 p. ;$c24 cm. 502 $aTesi. Pontificia Facoltà Teologica Marianum. 1966. 504 $aBibliografia in nota a piè pagina. 611 24$aConcilium Tridentinum$d(1545-1563).$0(OLS)http://pul/subject/698 650 4$aConfessione.$0(OLS)http://pul/subject/3061 710 2 $aPontificia Facoltà Teologica "Marianum".$kTesi.$0(OLS)http://pul/name/82120 850 $aPUL 852 $aPUL$W1$xDP1 Tesi Pon. Fac. Marianum$y38$mTH MAR 10$j187411$qTesi$B190549$CPULBib$Z2$F190549 $H27530 $82 910 $aFacoltà teologica "Marianum".$bIstituto di mariologia$982120 941 1 $a16 960 $aConcilio di Trento$d(1545-1563)$9698 996 $6245$aLa confessione dei peccati nella dottrina penitenziale del Concilio di Trento$9(OLS)http://pul/title/203053 996 $6260$aBergamo :$b[s.n.]$9(OLS)http://pul/publisher/52667